مكتبة جامعة عجلون الوطنية

فهرس بحث المكتبة

Normal view MARC view
  • الدعوى المدنية -- قوانين وتشريعات -- الأردن -- قانون الإجراءات المدنية والتجارية -- الأردن

Entry Topical Term

Number of records used in: 1

001 - CONTROL NUMBER

  • control field: 23843

003 - CONTROL NUMBER IDENTIFIER

  • control field: JO-AjAnu

005 - DATE AND TIME OF LATEST TRANSACTION

  • control field: 20230606074108.0

008 - FIXED-LENGTH DATA ELEMENTS

  • fixed length control field: 230606|| aca||aabn | a|a d

040 ## - CATALOGING SOURCE

  • Original cataloging agency: JO-AjAnu
  • Transcribing agency: JO-AjAnu

150 ## - HEADING--TOPICAL TERM

  • Topical term or geographic name entry element: الدعوى المدنية -- قوانين وتشريعات -- الأردن -- قانون الإجراءات المدنية والتجارية -- الأردن

670 ## - SOURCE DATA FOUND

  • Source citation: Work cat.: (JO-AjAnu)12257: المناصرة، محمد حسين مهاوش, author 23842, المنهاج في التطبيقات القضائية : نماذج وصيغ وطلبات واستدعاءات تقدم للمحاكم الأردنية ودوائرها على اختلاف أنواعها ودرجاتها